| 000 | 00457nam a22001697a 4500 | ||
|---|---|---|---|
| 003 | MPLRDC | ||
| 005 | 20220104124329.0 | ||
| 008 | 210129b ||||| |||| 00| 0 eng d | ||
| 082 | _a805.124 QJX | ||
| 100 | _a丘家兴编著 | ||
| 245 |
_a英文近似字的辨别及应用 _c |
||
| 260 |
_a _b黎明出版企业 _c |
||
| 300 | _b平 | ||
| 490 | _a黎明语文丛书之一 | ||
| 650 | _a英语--同义、反义、同音异语 | ||
| 942 |
_cBK _o805.124 QJX |
||
| 999 |
_c18480 _d18470 |
||